[Event "Sao Sebastiao do Paraiso op 1st"]
[Site "Sao Sebastiao do Paraiso"]
[Date "2017.08.20"]
[Round "5"]
[White "Paschoa, Lazaro dos Reis"]
[Black "Mascarenhas, Alfredo C Viana"]
[Result "1/2-1/2"]
[WhiteElo "1490"]
[BlackElo "1836"]
[PlyCount "111"]
[EventDate "2017.08.18"]
[EventType "swiss"]
[EventRounds "6"]
[EventCountry "BRA"]
[SourceTitle "CBM 180 Extra"]
[Source "ChessBase"]
[SourceDate "2017.10.06"]
[SourceVersion "1"]
[SourceVersionDate "2017.10.06"]
[SourceQuality "1"]

1. d4 Nf6 2. Bf4 d5 3. Nf3 e6 4. e3 c6 5. c3 Be7 6. Bd3 Nbd7 7. Nbd2 0-0 8. h3 Qb6 9. Qc2 h6 10. 0-0 c5 11. Ne5 c4 12. Be2 Bd6 13. Bf3 Qc7 14. Nxd7 Bxd7 15. Bxd6 Qxd6 16. Rfe1 Bc6 17. e4 Nxe4 18. Nxe4 dxe4 19. Bxe4 Rad8 20. Rad1 Rfe8 21. Qd2 Bxe4 22. Rxe4 Qc6 23. Qe2 Rd5 24. Qc2 Red8 25. Rde1 Rg5 26. f3 Rdd5 27. Qf2 Qd6 28. f4 Rg6 29. Re5 b5 30. a3 Rf6 31. g3 g5 32. Qd2 gxf4 33. gxf4 Rg6+ 34. Kh2 Kg7 35. Rg1 Qc6 36. Rxg6+ fxg6 37. Qe1 Qd6 38. h4 Rxe5 39. fxe5 Qd5 40. Qf2 Qd8 41. Kh3 Qe7 42. Qf3 Qf7 43. Qc6 g5 44. Qg2 Qf5+ 45. Kh2 g4 46. Kg3 h5 47. Qb7+ Kg6 48. Qc6 Qd3+ 49. Kg2 Kf5 50. Qb7 Qe2+ 51. Kg3 Qe3+ 52. Kg2 Qh3+ 53. Kg1 Qe3+ 54. Kg2 Kg6 55. Qc6 Qh3+ 56. Kg1 1/2-1/2

[Event "Sao Sebastiao do Paraiso op 1st"]
[Site "Sao Sebastiao do Paraiso"]
[Date "2017.08.19"]
[Round "3"]
[White "Trombini, Fabio"]
[Black "Paschoa, Lazaro dos Reis"]
[Result "1-0"]
[WhiteElo "1890"]
[BlackElo "1490"]
[PlyCount "121"]
[EventDate "2017.08.18"]
[EventType "swiss"]
[EventRounds "6"]
[EventCountry "BRA"]
[SourceTitle "CBM 180 Extra"]
[Source "ChessBase"]
[SourceDate "2017.10.06"]
[SourceVersion "1"]
[SourceVersionDate "2017.10.06"]
[SourceQuality "1"]

1. b3 d5 2. Bb2 Bf5 3. e3 Nf6 4. c4 e6 5. cxd5 exd5 6. Nf3 Be7 7. Be2 h6 8. Nc3 0-0 9. Nd4 Bh7 10. g4 c5 11. Nf5 Bxf5 12. gxf5 d4 13. Nb1 Nc6 14. d3 Qa5+ 15. Qd2 Qxd2+ 16. Kxd2 dxe3+ 17. fxe3 Rad8 18. Nc3 a6 19. Rag1 b5 20. Kc1 Kh7 21. Rg2 Rg8 22. Rhg1 Nb4 23. Rd1 Nbd5 24. Rg3 Bd6 25. Rh3 Rde8 26. Kd2 Be5 27. Nxd5 Nxd5 28. Bxe5 Rxe5 29. Rc1 Nf6 30. e4 Rd8 31. Ke1 g6 32. fxg6+ fxg6 33. a3 Kg7 34. b4 cxb4 35. axb4 Re6 36. Rc7+ Nd7 37. Re3 Kf6 38. Bd1 Ne5 39. Be2 Rc6 40. Rxc6+ Nxc6 41. Rf3+ Ke6 42. Rg3 g5 43. h4 Rg8 44. h5 Rd8 45. Kd2 Nxb4 46. Kc3 Nc6 47. Bg4+ Ke5 48. Rf3 Nd4 49. Rf7 Rd6 50. Re7+ Kf6 51. e5+ Kxe7 52. exd6+ Kxd6 53. Kxd4 a5 54. Bd1 a4 55. Kc3 Kc5 56. d4+ Kd5 57. Bf3+ Kd6 58. Kb4 a3 59. Kxa3 Kc7 60. Kb4 Kb6 61. Be4 1-0

[Event "Sao Sebastiao do Paraiso op 1st"]
[Site "Sao Sebastiao do Paraiso"]
[Date "2017.08.18"]
[Round "1"]
[White "Bueno, Alfeu Varela Jr"]
[Black "Paschoa, Lazaro dos Reis"]
[Result "1-0"]
[WhiteElo "2193"]
[BlackElo "1490"]
[PlyCount "41"]
[EventDate "2017.08.18"]
[EventType "swiss"]
[EventRounds "6"]
[EventCountry "BRA"]
[SourceTitle "CBM 180 Extra"]
[Source "ChessBase"]
[SourceDate "2017.10.06"]
[SourceVersion "1"]
[SourceVersionDate "2017.10.06"]
[SourceQuality "1"]

1. e4 e6 2. d4 d5 3. Nd2 Nf6 4. Bd3 c5 5. e5 Nfd7 6. c3 Nc6 7. Ne2 Be7 8. 0-0 cxd4 9. cxd4 0-0 10. f4 Qb6 11. Nf3 f6 12. Kh1 fxe5 13. fxe5 a5 14. Qc2 h6 15. Nf4 Nxd4 16. Bh7+ Kh8 17. Ng6+ Kxh7 18. Nxf8+ Kg8 19. Qh7+ Kxf8 20. Qh8+ Kf7 21. Ng5+ 1-0

[Event "Pocos de Caldas op"]
[Site "Pocos de Caldas"]
[Date "2017.03.10"]
[Round "1"]
[White "Vieira, Jose Renato Braga S"]
[Black "Paschoa, Lazaro dos Reis"]
[Result "1-0"]
[WhiteElo "1961"]
[BlackElo "1486"]
[PlyCount "57"]
[EventDate "2017.03.10"]
[EventType "swiss"]
[EventRounds "6"]
[EventCountry "BRA"]
[SourceTitle "EXT 2018"]
[Source "ChessBase"]
[SourceDate "2017.10.13"]
[SourceVersion "1"]
[SourceVersionDate "2017.10.13"]
[SourceQuality "1"]

1. d4 d5 2. c4 c6 3. Nf3 Nf6 4. Bg5 Nbd7 5. Nc3 e6 6. e3 Be7 7. cxd5 exd5 8. Bd3 h6 9. Bxf6 Nxf6 10. Qc2 Be6 11. 0-0-0 Rc8 12. Kb1 0-0 13. h3 c5 14. g4 c4 15. Bf5 Qd7 16. Ne5 Bxf5 17. gxf5 Qe8 18. Ng4 Qd7 19. Rdg1 Kh8 20. f3 b5 21. Ne5 Qe8 22. Qg2 Rg8 23. f4 b4 24. Nxd5 Nxd5 25. Qxd5 c3 26. Nxf7+ Kh7 27. Qe6 c2+ 28. Kc1 Rc6 29. Qg6+ 1-0

[Event "Sao Sebastiao do Paraiso op 4th"]
[Site "Sao Sebastiao do Paraiso"]
[Date "2016.12.18"]
[Round "4"]
[White "Paschoa, Lazaro dos Reis"]
[Black "Paschoa, Brenno David Pereir"]
[Result "1-0"]
[WhiteElo "1491"]
[BlackElo "1324"]
[PlyCount "107"]
[EventDate "2016.12.17"]
[EventType "swiss"]
[EventRounds "5"]
[EventCountry "BRA"]
[SourceTitle "CBM 176 Extra"]
[Source "ChessBase"]
[SourceDate "2017.03.02"]
[SourceVersion "1"]
[SourceVersionDate "2017.03.02"]
[SourceQuality "1"]

1. d4 d5 2. c4 c6 3. Nc3 Nf6 4. e3 e6 5. Nf3 Be7 6. Bd3 0-0 7. 0-0 Qc7 8. b3 Bb4 9. Bb2 Qa5 10. Qc2 Ba3 11. cxd5 cxd5 12. Nb5 Bxb2 13. Qxb2 Nc6 14. a3 Bd7 15. Nc3 Rac8 16. b4 Qc7 17. Rfc1 a6 18. Ne2 Ne4 19. Ne5 Qd6 20. Nxd7 Qxd7 21. Bxe4 dxe4 22. Nc3 f5 23. Na4 Qc7 24. Nc5 Rf6 25. Qb3 Re8 26. Rc2 Rh6 27. g3 Qb6 28. Rac1 Na5 29. bxa5 Qxb3 30. Nxb3 Rf8 31. Rc8 Rxc8 32. Rxc8+ Kf7 33. Rc7+ Kf6 34. Rxb7 e5 35. Rb6+ Ke7 36. Rxh6 exd4 37. Rxa6 d3 38. Kf1 Kd7 39. Ke1 Kc7 40. Kd2 g6 41. Rf6 Kd8 42. Rf7 h5 43. Rg7 Ke8 44. Rxg6 Kf7 45. Rb6 Ke7 46. a6 Kd7 47. a7 Kc7 48. Rb8 f4 49. gxf4 h4 50. a8Q h3 51. Rh8 Kd7 52. Rh6 Kc7 53. Qa7+ Kd8 54. Rh8# 1-0

[Event "Sao Sebastiao do Paraiso op 4th"]
[Site "Sao Sebastiao do Paraiso"]
[Date "2016.12.17"]
[Round "1"]
[White "Resende, Lucas B Massucato"]
[Black "Paschoa, Lazaro dos Reis"]
[Result "1-0"]
[WhiteElo "1729"]
[BlackElo "1491"]
[PlyCount "58"]
[EventDate "2016.12.17"]
[EventType "swiss"]
[EventRounds "5"]
[EventCountry "BRA"]
[SourceTitle "CBM 176 Extra"]
[Source "ChessBase"]
[SourceDate "2017.03.02"]
[SourceVersion "1"]
[SourceVersionDate "2017.03.02"]
[SourceQuality "1"]

1. e4 c5 2. Nf3 g6 3. d4 cxd4 4. Qxd4 Nf6 5. e5 Nc6 6. Qd1 Ng4 7. e6 dxe6 8. Qxd8+ Nxd8 9. Nc3 a6 10. h3 Nf6 11. Bc4 Bg7 12. Be3 0-0 13. a4 Nc6 14. 0-0-0 Nd7 15. Ne4 Nde5 16. Be2 f5 17. Ned2 Bd7 18. Nc4 Bc8 19. Nb6 Rb8 20. Nxe5 Bxe5 21. f4 Bg7 22. Bc4 Kf7 23. Rhe1 Rd8 24. Bc5 Rxd1+ 25. Rxd1 Na5 26. Ba2 Bf6 27. Rd8 Nc6 28. Rxc8 Rxc8 29. Nxc8 Nb4 1-0

[Event "Guaira op 2nd"]
[Site "Guaira"]
[Date "2016.11.05"]
[Round "2"]
[White "Paschoa, Lazaro dos Reis"]
[Black "Auriemo, Danielle Ferreira"]
[Result "1/2-1/2"]
[WhiteElo "1463"]
[BlackElo "1646"]
[PlyCount "115"]
[EventDate "2016.11.04"]
[EventType "swiss"]
[EventRounds "6"]
[EventCountry "BRA"]
[SourceTitle "CBM 175 Extra"]
[Source "ChessBase"]
[SourceDate "2016.12.12"]
[SourceVersion "1"]
[SourceVersionDate "2016.12.12"]
[SourceQuality "1"]

1. d4 d5 2. Bf4 Nf6 3. Nf3 h6 4. e3 e6 5. Be2 Bd6 6. Bxd6 Qxd6 7. c3 Nbd7 8. Nbd2 0-0 9. 0-0 c6 10. Re1 e5 11. Nxe5 Nxe5 12. dxe5 Qxe5 13. Nf3 Qc7 14. Qc2 Bg4 15. h3 Bh5 16. Rac1 Rae8 17. b3 Ne4 18. Nd4 Bxe2 19. Rxe2 f5 20. c4 Qd6 21. cxd5 Qxd5 22. Qc4 Qxc4 23. Rxc4 Nd6 24. Rcc2 g6 25. Rcd2 Ne4 26. Rc2 Nf6 27. Rcd2 Ne4 28. Rc2 Kf7 29. g3 Rd8 30. Kg2 Rfe8 31. f3 Nf6 32. Rc4 Nd5 33. Kf2 Re7 34. Nc2 Red7 35. e4 Nb6 36. Rc5 fxe4 37. Rxe4 Rd2+ 38. Re2 Rxe2+ 39. Kxe2 Re8+ 40. Kd3 Nd7 41. Ra5 Ne5+ 42. Kc3 a6 43. f4 Nf3 44. Ra4 Re7 45. Rc4 Re2 46. Kd3 Re6 47. Re4 Ng1 48. h4 Nh3 49. Rxe6 Kxe6 50. Ne3 Nf2+ 51. Ke2 Ne4 52. Kf3 Nc3 53. g4 Kf7 54. f5 g5 55. hxg5 hxg5 56. a4 b6 57. Nc4 b5 58. axb5 1/2-1/2

[Event "Sao Sebastiao CXSSP 3a"]
[Site "Sao Sebastiao do Paraiso"]
[Date "2016.10.09"]
[Round "5.6"]
[White "Paschoa, Brenno David Pereir"]
[Black "Paschoa, Lazaro dos Reis"]
[Result "0-1"]
[WhiteElo "1689"]
[BlackElo "1481"]
[PlyCount "52"]
[EventDate "2016.10.08"]
[EventType "swiss"]
[EventRounds "5"]
[EventCountry "BRA"]
[SourceTitle "EXT 2022"]
[Source "ChessBase"]
[SourceDate "2021.10.06"]
[SourceVersion "1"]
[SourceVersionDate "2021.10.06"]
[SourceQuality "1"]

1. d4 d5 2. Nf3 Nf6 3. h3 e6 4. Bf4 Bd6 5. Ne5 0-0 6. e3 Ne4 7. Be2 f6 8. Nd3 Bxf4 9. Nxf4 c6 10. 0-0 e5 11. dxe5 fxe5 12. Nd3 Qg5 13. f4 exf4 14. exf4 Qe7 15. Re1 Qc7 16. Bg4 Nd7 17. Nd2 Ndf6 18. Bxc8 Raxc8 19. Nxe4 Nxe4 20. Ne5 Rxf4 21. Nd3 Rf6 22. Qg4 Rcf8 23. Rf1 Qb6+ 24. Kh1 Rxf1+ 25. Rxf1 Rxf1+ 26. Kh2 Qg1# 0-1

[Event "Sao Sebastiao do Paraiso CXSSP Etapa 2"]
[Site "Sao Sebastiao do Paraiso"]
[Date "2016.05.15"]
[Round "4.9"]
[White "Bonvini, Adriana Tonhati"]
[Black "Paschoa, Lazaro dos Reis"]
[Result "1-0"]
[WhiteElo "1587"]
[BlackElo "1558"]
[PlyCount "83"]
[EventDate "2016.05.14"]
[EventType "swiss"]
[EventRounds "5"]
[EventCountry "BRA"]
[SourceTitle "EXT 2022"]
[Source "ChessBase"]
[SourceDate "2021.10.06"]
[SourceVersion "1"]
[SourceVersionDate "2021.10.06"]
[SourceQuality "1"]

1. e4 c5 2. Nc3 a6 3. f4 d6 4. Bc4 Nc6 5. Nf3 Nf6 6. 0-0 e5 7. Ng5 Be6 8. Bxe6 fxe6 9. Nxe6 Qd7 10. f5 Nd4 11. d3 Nxe6 12. fxe6 Qxe6 13. Bg5 Be7 14. Ne2 0-0 15. Ng3 Rf7 16. Nf5 h6 17. Bxh6 gxh6 18. Nxh6+ Kf8 19. Nxf7 Qxf7 20. Rf5 Qg6 21. Qf3 Kf7 22. Rf1 Rf8 23. Qh5 Qxh5 24. Rxh5 Ke8 25. Rhf5 Ng4 26. Rxf8+ Bxf8 27. Rf3 Nh6 28. g3 Nf7 29. h4 Nh6 30. Kg2 Be7 31. Kh3 Kd7 32. g4 Kc6 33. g5 Ng8 34. Rf7 d5 35. exd5+ Kxd5 36. Rg7 Nf6 37. Rxe7 Nh5 38. Rxb7 Kd4 39. Kg4 Nf4 40. h5 c4 41. dxc4 Kxc4 42. g6 1-0

[Event "Sao Paulo Freitas op 2nd"]
[Site "Sao Paulo"]
[Date "2016.04.17"]
[Round "5"]
[White "Da Fonseca, Julia Alves"]
[Black "Paschoa, Lazaro dos Reis"]
[Result "0-1"]
[WhiteElo "1774"]
[BlackElo "1558"]
[PlyCount "144"]
[EventDate "2016.04.15"]
[EventType "swiss"]
[EventRounds "6"]
[EventCountry "BRA"]
[SourceTitle "CBM 171 Extra"]
[Source "ChessBase"]
[SourceDate "2016.04.26"]
[SourceVersion "1"]
[SourceVersionDate "2016.04.26"]
[SourceQuality "1"]

1. g3 g6 2. Bg2 Bg7 3. e4 e5 4. Nf3 Ne7 5. d4 d6 6. d5 0-0 7. Ng5 c5 8. Nc3 Bd7 9. Bh3 f5 10. Ne6 Bxe6 11. dxe6 Nbc6 12. Nd5 fxe4 13. Bg5 Qa5+ 14. c3 Qd8 15. 0-0 h6 16. Nxe7+ Nxe7 17. Bxe7 Qxe7 18. Qd5 e3 19. fxe3 Rxf1+ 20. Rxf1 Rf8 21. Rxf8+ Kxf8 22. b4 cxb4 23. cxb4 b6 24. Qa8+ Qe8 25. Qxe8+ Kxe8 26. b5 e4 27. Kf2 Ke7 28. a4 Bf6 29. Bg2 d5 30. Bh3 Kd6 31. Ke1 Kc5 32. Bg4 Kb4 33. Bd1 Ka5 34. Bb3 a6 35. bxa6 Kxa6 36. Bxd5 Ka5 37. Bxe4 Kxa4 38. Bxg6 Kb4 39. e4 Kc5 40. e5 Be7 41. Kd2 Kd4 42. Bf5 b5 43. Kc2 b4 44. Kb3 Kxe5 45. Bh3 Ke4 46. Bg2+ Ke3 47. h4 Kf2 48. Bd5 Kxg3 49. h5 Kg4 50. Bc4 Kxh5 51. Be2+ Kg5 52. Bd1 h5 53. Bf3 h4 54. Bd5 Kf4 55. Bg2 Kg3 56. Bc6 h3 57. Bd5 Kf2 58. Kc4 h2 59. Kb3 Kg1 60. Kc4 h1Q 61. Bxh1 Kxh1 62. Kb3 Kg2 63. Ka4 Kf3 64. Kb3 Ke4 65. Kc4 Ke5 66. Kb3 Kxe6 67. Kc4 Ke5 68. Kb3 Kd4 69. Ka2 Kc3 70. Kb1 Kb3 71. Kc1 Ka2 72. Kc2 b3+ 0-1